Schaum's outline of theory & problems of statistics (Record no. 7840)

000 -LEADER
fixed length control field 00549nam a2200205 4500
001 - CONTROL NUMBER
control field 7840
003 - CONTROL NUMBER IDENTIFIER
control field BD-DhUET
008 - FIXED-LENGTH DATA ELEMENTS--GENERAL INFORMATION
fixed length control field 141213b/xxu||||| |||| 00| 0 eng d
020 ## - INTERNATIONAL STANDARD BOOK NUMBER
International Standard Book Number 070602271
040 ## - CATALOGING SOURCE
Original cataloging agency DLC
Language of cataloging DLC
Transcribing agency BD-DhUET
082 ## - DEWEY DECIMAL CLASSIFICATION NUMBER
Classification number 519.9
Item number SPI/1961
100 ## - MAIN ENTRY--PERSONAL NAME
Personal name Spiegel , Murray R
245 ## - TITLE STATEMENT
Title Schaum's outline of theory & problems of statistics
250 ## - EDITION STATEMENT
Edition statement 1st ed.
260 ## - PUBLICATION, DISTRIBUTION, ETC. (IMPRINT)
Place of publication, distribution, etc. Singapore
Name of publisher, distributor, etc. McGraw Hill
Date of publication, distribution, etc. 1961
300 ## - PHYSICAL DESCRIPTION
Extent 359 p.
Other physical details ill.
Dimensions 27 cm.
490 ## - SERIES STATEMENT
Series statement Schaum's Outline Series
650 #0 - SUBJECT ADDED ENTRY--TOPICAL TERM
Topical term or geographic name as entry element Statistical mathematics
942 ## - ADDED ENTRY ELEMENTS (KOHA)
Koha item type General Book
Holdings
Location (home branch) Date acquired Copy number Damaged status Koha full call number Koha date last borrowed Not for loan Lost status Koha issues (times borrowed) Piece designation (barcode) Sublocation or collection (holding branch) Koha normalized classification for sorting Source of classification or shelving scheme Price effective from Withdrawn status Koha item type Shelving location Koha date last seen
Central Library, BUET2014-12-131 519.9/SPI/1961    25219Central Library, BUET519_900000000000000_SPI_1961 2014-12-13 General BookCirculation section2015-08-22
Central Library, BUET2014-12-132 519.9/SPI/1961    66184Central Library, BUET519_900000000000000_SPI_1961 2014-12-13 General BookCirculation section2017-02-06
Central Library, BUET2014-12-133 519.9/SPI/1961    345Central Library, BUET519_900000000000000_SPI_1961 2014-12-13 General BookCirculation section2014-12-13
Central Library, BUET2014-12-135 519.9/SPI/19612015-08-01  156483Central Library, BUET519_900000000000000_SPI_1961 2014-12-13 General BookCirculation section2015-08-01
Central Library, BUET2014-12-136 519.9/SPI/1961    31847Central Library, BUET519_900000000000000_SPI_1961 2014-12-13 General BookCirculation section2014-12-13
Central Library, BUET2014-12-137 519.9/SPI/1961    31828Central Library, BUET519_900000000000000_SPI_1961 2014-12-13 General BookCirculation section2014-12-13
Central Library, BUET2014-12-138 519.9/SPI/1961    31843Central Library, BUET519_900000000000000_SPI_1961 2014-12-13 General BookCirculation section2014-12-13